[Event "Heusenstammer Schloss-Open"]
[Site "Heusenstamm"]
[Date "2014.11.23"]
[Round "7.5"]
[White "Cordes, Dr. Hans-Joerg"]
[Black "Sadzikowski, Daniel"]
[Result "1-0"]
[LiveChessVersion "1.4.4"]
[BlackElo "2496"]
[WhiteElo "2243"]

1. d4 {[%clk 1:30:57]} Nf6 {[%clk 1:30:57]} 2. c4 {[%clk 1:31:20]} e6
{[%clk 1:31:24]} 3. Nc3 {[%clk 1:31:07]} Bb4 {[%clk 1:31:50]} 4. Qc2
{[%clk 1:30:47]} O-O {[%clk 1:32:08]} 5. a3 {[%clk 1:31:02]} Bxc3+
{[%clk 1:32:31]} 6. Qxc3 {[%clk 1:31:26]} d6 {[%clk 1:31:52]} 7. Nf3
{[%clk 1:29:15]} Nbd7 {[%clk 1:29:06]} 8. g3 {[%clk 1:28:04]} b6 {[%clk 1:28:57]}
9. Bg2 {[%clk 1:27:51]} Bb7 {[%clk 1:29:24]} 10. O-O {[%clk 1:28:04]} Qe7
{[%clk 1:28:36]} 11. b3 {[%clk 1:27:33]} Be4 {[%clk 1:24:06]} 12. Bb2
{[%clk 1:23:56]} Rfe8 {[%clk 1:21:45]} 13. Bh3 {[%clk 1:13:59]} c5
{[%clk 1:00:32]} 14. Nd2 {[%clk 1:09:45]} cxd4 {[%clk 0:58:09]} 15. Qxd4
{[%clk 1:10:01]} e5 {[%clk 0:58:25]} 16. Qe3 {[%clk 0:59:37]} Bb7
{[%clk 0:58:47]} 17. b4 {[%clk 0:59:27]} Rac8 {[%clk 0:41:43]} 18. Rac1
{[%clk 0:58:11]} Rc7 {[%clk 0:41:41]} 19. Rfd1 {[%clk 0:48:23]} h5 20. Nf1 b5
{[%clk 0:04:24]} 21. cxb5 {[%clk 0:46:33]} Nb6 22. Qd3 {[%clk 0:31:12]} d5
{[%clk 0:03:23]} 23. f4 {[%clk 0:31:32]} Rxc1 {[%clk 0:03:31]} 24. Rxc1
{[%clk 0:31:58]} exf4 {[%clk 0:02:49]} 25. gxf4 {[%clk 0:32:25]} d4
{[%clk 0:02:52]} 26. Bxd4 {[%clk 0:28:37]} Be4 {[%clk 0:01:29]} 27. Qg3
{[%clk 0:27:42]} Bg6 {[%clk 0:01:07]} 28. f5 {[%clk 0:24:50]} Bh7 29. e4
{[%clk 0:24:47]} Kh8 {[%clk 0:00:56]} 30. Bg2 {[%clk 0:23:27]} Qd8
{[%clk 0:00:39]} 31. Ba1 {[%clk 0:22:51]} Nbd7 {[%clk 0:01:05]} 32. Rd1
{[%clk 0:22:41]} Qb6+ {[%clk 0:01:22]} 33. Qe3 {[%clk 0:09:01]} Qxb5
{[%clk 0:01:51]} 34. Qxa7 {[%clk 0:09:29]} Ne5 {[%clk 0:01:41]} 35. Qc7
{[%clk 0:08:34]} Neg4 {[%clk 0:00:48]} 36. Qc3 {[%clk 0:06:37]} h4
{[%clk 0:00:37]} 37. h3 {[%clk 0:03:50]} Ne5 38. Qc5 {[%clk 0:02:50]} Qa4
{[%clk 0:00:59]} 39. Qc1 {[%clk 0:01:30]} Nfd7 {[%clk 0:00:49]} 40. Rd5
{[%clk 0:00:55]} f6 {[%clk 0:00:41]} 41. Qd1 {[%clk 0:29:46]} Qa7+
{[%clk 0:28:42]} 42. Qd4 Qc7 {[%clk 0:28:42]} 43. Qf2 {[%clk 0:23:23]} Rg8
{[%clk 0:28:42]} 44. a4 {[%clk 0:23:23]} g5 {[%clk 0:28:42]} 45. fxg6
{[%clk 0:23:23]} Rxg6 {[%clk 0:28:42]} 46. Kh1 {[%clk 0:23:23]} Qc1
{[%clk 0:28:42]} 47. Bb2 {[%clk 0:23:23]} Qb1 {[%clk 0:28:42]} 48. Bxe5
{[%clk 0:23:23]} Nxe5 {[%clk 0:28:42]} 49. b5 {[%clk 0:11:36]} Kg7
{[%clk 0:11:37]} 50. b6 {[%clk 0:11:22]} Rg3 {[%clk 0:11:03]} 51. Rb5
{[%clk 0:10:56]} Qc1 {[%clk 0:01:44]} 52. Kh2 {[%clk 0:08:31]} Nd3
{[%clk 0:01:23]} 53. Qd2 {[%clk 0:07:59]} Bxe4 {[%clk 0:01:24]} 54. Bxe4
{[%clk 0:06:13]} Qxf1 {[%clk 0:01:44]} 55. Bg2 {[%clk 0:06:36]} Ne1
{[%clk 0:02:07]} 56. Rg5+ {[%clk 0:03:41]} fxg5 {[%clk 0:02:01]} 57. Qd7+
{[%clk 0:03:11]} Qf7 {[%clk 0:01:04]} 58. Qxf7+ {[%clk 0:02:28]} Kxf7
{[%clk 0:01:33]} 59. Bd5+ {[%clk 0:02:50]} Kf6 {[%clk 0:00:32]} 60. b7
{[%clk 0:03:15]} Ke5 {[%clk 0:00:43]} 61. b8=Q+ {[%clk 0:03:25]} Kxd5
{[%clk 0:01:10]} 62. Qb5+ {[%clk 0:03:09]} Ke4 {[%clk 0:00:58]} 63. Qe8+
{[%clk 0:03:26]} Kf3 {[%clk 0:01:26]} 64. Qxe1 {[%clk 0:03:33]} Rg2+
{[%clk 0:01:53]} 65. Kh1 {[%clk 0:03:56]} Ra2 {[%clk 0:01:02]} 66. Qd1+
{[%clk 0:03:49]} Kf2 {[%clk 0:01:31]} 67. Qg1+ {[%clk 0:03:21]} 1-0

[Event "Heusenstammer Schloss-Open"]
[Site "Heusenstamm"]
[Date "2014.11.23"]
[Round "7.6"]
[White "Solonar, Stefan"]
[Black "Skembris, Spyridon"]
[Result "1-0"]
[LiveChessVersion "1.4.4"]
[BlackElo "2420"]
[WhiteElo "2350"]

1. c4 {[%clk 1:30:59]} e5 {[%clk 1:30:48]} 2. Nc3 {[%clk 1:31:26]} Nf6
{[%clk 1:31:02]} 3. Nf3 {[%clk 1:31:52]} Nc6 {[%clk 1:31:16]} 4. g3
{[%clk 1:31:51]} d5 {[%clk 1:30:58]} 5. cxd5 {[%clk 1:32:14]} Nxd5
{[%clk 1:31:21]} 6. Bg2 {[%clk 1:32:43]} Nb6 {[%clk 1:31:40]} 7. O-O
{[%clk 1:33:04]} Be7 {[%clk 1:32:01]} 8. a3 {[%clk 1:33:30]} O-O {[%clk 1:31:07]}
9. b4 {[%clk 1:33:52]} Be6 {[%clk 1:30:54]} 10. d3 {[%clk 1:33:49]} f6
{[%clk 1:25:05]} 11. Bb2 {[%clk 1:32:21]} a5 {[%clk 1:24:44]} 12. b5
{[%clk 1:32:39]} Nd4 {[%clk 1:25:04]} 13. Nd2 {[%clk 1:32:49]} Ra7
{[%clk 1:24:24]} 14. a4 {[%clk 1:27:48]} Qd7 {[%clk 1:16:36]} 15. e3
{[%clk 1:23:12]} Nf5 {[%clk 1:16:48]} 16. Nb3 {[%clk 1:23:31]} Rd8
{[%clk 1:15:08]} 17. Nc1 {[%clk 1:23:05]} c5 {[%clk 0:55:26]} 18. bxc6
{[%clk 1:21:16]} bxc6 {[%clk 0:55:45]} 19. Qe2 {[%clk 1:08:49]} Nd5
{[%clk 0:51:56]} 20. Nxd5 {[%clk 1:03:59]} cxd5 {[%clk 0:50:16]} 21. d4
{[%clk 1:03:14]} e4 {[%clk 0:47:03]} 22. Nb3 {[%clk 1:01:34]} Rb8
{[%clk 0:43:52]} 23. Nc5 {[%clk 1:01:05]} Bxc5 {[%clk 0:43:03]} 24. dxc5
{[%clk 1:01:29]} Rb4 {[%clk 0:43:21]} 25. Rfc1 {[%clk 1:00:41]} Ne7
{[%clk 0:40:49]} 26. Bd4 {[%clk 0:55:27]} Nc6 {[%clk 0:39:43]} 27. Qd2
{[%clk 0:50:27]} Bg4 {[%clk 0:27:57]} 28. Bf1 {[%clk 0:37:14]} h6
{[%clk 0:23:53]} 29. Bc3 {[%clk 0:36:42]} Rb3 {[%clk 0:22:42]} 30. Rcb1
{[%clk 0:28:31]} Rab7 {[%clk 0:18:15]} 31. Qc2 {[%clk 0:27:46]} Rxb1
{[%clk 0:17:14]} 32. Rxb1 {[%clk 0:28:06]} Rxb1 {[%clk 0:11:37]} 33. Qxb1
{[%clk 0:18:24]} Bh3 {[%clk 0:09:20]} 34. Bxh3 {[%clk 0:17:34]} Qxh3
{[%clk 0:09:47]} 35. Qb6 {[%clk 0:16:28]} Qd7 {[%clk 0:09:55]} 36. Bxa5
{[%clk 0:16:45]} Kh7 {[%clk 0:03:46]} 37. Qc7 {[%clk 0:15:26]} Qe8
{[%clk 0:03:12]} 38. Bc3 {[%clk 0:15:34]} d4 {[%clk 0:03:21]} 39. exd4
{[%clk 0:11:02]} Ne7 {[%clk 0:30:38]} 1-0

[Event "Heusenstammer Schloss-Open"]
[Site "Heusenstamm"]
[Date "2014.11.23"]
[Round "7.7"]
[White "Schupp, Tobias"]
[Black "Carow, Johannes"]
[Result "1/2-1/2"]
[LiveChessVersion "1.4.4"]
[BlackElo "2398"]
[WhiteElo "2130"]

1. e4 {[%clk 1:30:57]} c5 {[%clk 1:30:54]} 2. Nf3 {[%clk 1:31:24]} Nc6
{[%clk 1:31:07]} 3. Bb5 {[%clk 1:31:15]} e6 {[%clk 1:30:49]} 4. O-O
{[%clk 1:31:08]} Nge7 {[%clk 1:30:43]} 5. Re1 {[%clk 1:30:36]} a6
{[%clk 1:30:41]} 6. Bf1 {[%clk 1:29:54]} d5 {[%clk 1:27:48]} 7. exd5
{[%clk 1:30:01]} Nxd5 {[%clk 1:27:52]} 8. d4 {[%clk 1:28:53]} Be7
{[%clk 1:22:04]} 9. c4 {[%clk 1:26:48]} Nf6 {[%clk 1:21:49]} 10. Be3
{[%clk 1:24:53]} O-O {[%clk 1:18:25]} 11. Nc3 {[%clk 1:21:09]} cxd4
{[%clk 1:12:07]} 12. Nxd4 {[%clk 1:21:34]} Ne5 {[%clk 1:11:57]} 13. Nb3
{[%clk 1:18:31]} Ned7 {[%clk 1:10:57]} 14. Qf3 {[%clk 1:13:11]} Bd6
{[%clk 1:07:30]} 15. Bf4 {[%clk 1:06:28]} Bxf4 {[%clk 1:02:09]} 16. Qxf4
{[%clk 1:06:50]} b6 {[%clk 1:02:28]} 17. Red1 {[%clk 1:04:30]} Bb7
{[%clk 1:00:21]} 18. Rac1 {[%clk 1:00:48]} Rc8 {[%clk 0:58:55]} 19. Na4
{[%clk 0:55:30]} Bc6 {[%clk 0:56:36]} 20. Nc3 {[%clk 0:54:41]} Qe7
{[%clk 0:30:34]} 21. Qd6 {[%clk 0:53:26]} Qxd6 {[%clk 0:29:06]} 22. Rxd6
{[%clk 0:53:53]} Rfe8 {[%clk 0:28:47]} 23. c5 {[%clk 0:50:56]} 1/2-1/2

[Event "Heusenstammer Schloss-Open"]
[Site "Heusenstamm"]
[Date "2014.11.23"]
[Round "7.8"]
[White "Pap, Misa"]
[Black "Dorst, Johannes"]
[Result "1-0"]
[LiveChessVersion "1.4.4"]
[BlackElo "2254"]
[WhiteElo "2473"]

1. e4 {[%clk 1:12:13]} e5 {[%clk 1:30:54]} 2. Nf3 {[%clk 1:12:24]} Nc6
{[%clk 1:31:18]} 3. Bc4 {[%clk 1:12:50]} Bc5 {[%clk 1:31:41]} 4. b4
{[%clk 1:12:48]} Bxb4 {[%clk 1:31:04]} 5. c3 {[%clk 1:13:14]} Be7
{[%clk 1:30:59]} 6. d4 {[%clk 1:13:40]} Na5 {[%clk 1:24:59]} 7. Be2
{[%clk 1:13:42]} d6 {[%clk 1:21:20]} 8. dxe5 {[%clk 1:13:58]} dxe5
{[%clk 1:14:56]} 9. Qa4+ {[%clk 1:14:23]} c6 {[%clk 1:14:43]} 10. Nxe5
{[%clk 1:14:50]} b5 {[%clk 1:11:09]} 11. Qc2 {[%clk 1:15:17]} Nf6
{[%clk 1:10:28]} 12. O-O {[%clk 1:15:41]} O-O {[%clk 1:10:29]} 13. Rd1
{[%clk 1:11:09]} Qb6 {[%clk 1:08:49]} 14. Bf4 {[%clk 1:11:27]} Be6
{[%clk 1:07:42]} 15. Nd2 {[%clk 1:11:45]} Rfd8 {[%clk 1:03:26]} 16. Bg3
{[%clk 0:53:54]} Nd7 {[%clk 0:58:28]} 17. Nd3 {[%clk 0:53:04]} f6
{[%clk 0:55:03]} 18. Nf3 {[%clk 0:46:29]} Nc4 {[%clk 0:49:02]} 19. h4
{[%clk 0:46:11]} Bf7 {[%clk 0:44:52]} 20. Nd4 {[%clk 0:45:42]} Bf8
{[%clk 0:42:11]} 21. Nf4 {[%clk 0:39:01]} Nc5 {[%clk 0:40:54]} 22. Bh5
{[%clk 0:34:26]} g6 {[%clk 0:40:07]} 23. Bf3 {[%clk 0:32:54]} Re8
{[%clk 0:37:24]} 24. Re1 {[%clk 0:28:46]} Ne5 {[%clk 0:37:39]} 25. Be2
{[%clk 0:28:53]} Rad8 {[%clk 0:34:13]} 26. Nf3 {[%clk 0:26:20]} Nxf3+
{[%clk 0:27:39]} 27. Bxf3 {[%clk 0:26:38]} Nd7 {[%clk 0:27:53]} 28. Nd3
{[%clk 0:21:51]} Ne5 {[%clk 0:27:11]} 29. Nxe5 fxe5 {[%clk 0:27:35]} 30. h5
{[%clk 0:21:17]} g5 {[%clk 0:25:46]} 31. Bg4 {[%clk 0:20:32]} Qc5
{[%clk 0:24:59]} 32. Rad1 {[%clk 0:18:04]} Bg7 {[%clk 0:21:48]} 33. Qb2
{[%clk 0:15:19]} Qc4 {[%clk 0:20:46]} 34. h6 {[%clk 0:13:48]} Bxh6
{[%clk 0:18:05]} 35. Rxd8 {[%clk 0:13:43]} Rxd8 {[%clk 0:18:29]} 36. Bxe5
{[%clk 0:14:06]} Qxa2 {[%clk 0:18:49]} 37. Qxa2 {[%clk 0:12:39]} Bxa2
{[%clk 0:19:13]} 38. Ra1 {[%clk 0:13:07]} Re8 {[%clk 0:15:19]} 39. Bd4
{[%clk 0:13:21]} Be6 {[%clk 0:12:59]} 40. Bxe6+ {[%clk 0:10:30]} Rxe6
{[%clk 0:13:22]} 41. f3 {[%clk 0:10:57]} Re7 {[%clk 0:12:40]} 42. Ra6
{[%clk 0:05:33]} Rc7 {[%clk 0:08:38]} 43. Be5 {[%clk 0:02:22]} Rb7
{[%clk 0:08:55]} 44. Rxc6 {[%clk 0:02:22]} Bg7 {[%clk 0:08:51]} 45. Bxg7
{[%clk 0:02:38]} Kxg7 {[%clk 0:09:14]} 46. Kf2 {[%clk 0:02:59]} a5
{[%clk 0:09:07]} 47. Ra6 {[%clk 0:02:42]} b4 {[%clk 0:25:30]} 48. Rxa5
{[%clk 0:02:42]} b3 49. Ra1 {[%clk 0:02:42]} h5 {[%clk 0:25:30]} 50. c4
{[%clk 0:30:34]} Kf6 {[%clk 0:25:08]} 51. c5 {[%clk 0:29:33]} b2 {[%clk 0:23:52]}
52. Rb1 {[%clk 0:29:52]} Ke6 {[%clk 0:21:29]} 53. Ke3 {[%clk 0:30:05]} g4
{[%clk 0:19:06]} 54. fxg4 {[%clk 0:25:15]} hxg4 {[%clk 0:19:29]} 55. Kd4
{[%clk 0:24:57]} Rb4+ {[%clk 0:18:27]} 56. Kc3 {[%clk 0:25:22]} Rxe4
{[%clk 0:18:33]} 57. Rxb2 {[%clk 0:25:49]} Kd5 {[%clk 0:18:03]} 58. Kd3
{[%clk 0:25:53]} Ra4 {[%clk 0:13:34]} 59. Rc2 {[%clk 0:17:17]} Ra3+
{[%clk 0:13:58]} 60. Ke2 {[%clk 0:17:41]} Kc6 {[%clk 0:14:23]} 61. Rc4
{[%clk 0:16:33]} g3 {[%clk 0:13:52]} 62. Re4 {[%clk 0:16:41]} Kxc5
{[%clk 0:13:05]} 63. Re3 {[%clk 0:17:09]} Ra8 {[%clk 0:12:04]} 64. Kf3
{[%clk 0:17:17]} Kd4 {[%clk 0:11:36]} 65. Re4+ {[%clk 0:17:17]} Kd5
{[%clk 0:11:32]} 66. Re7 {[%clk 0:17:33]} Kd6 {[%clk 0:11:05]} 67. Re3
{[%clk 0:17:59]} Rg8 {[%clk 0:10:46]} 68. Kf4 {[%clk 0:17:47]} Rg7
{[%clk 0:10:24]} 69. Kf5 {[%clk 0:18:00]} Rg8 {[%clk 0:10:19]} 70. Kf6
{[%clk 0:18:17]} Kd5 {[%clk 0:09:41]} 71. Kf7 {[%clk 0:18:25]} Rg4
{[%clk 0:08:29]} 72. Kf6 {[%clk 0:18:50]} Rg8 {[%clk 0:07:23]} 73. Kf5
{[%clk 0:19:09]} Kd6 {[%clk 0:07:26]} 74. Kf4 {[%clk 0:19:22]} Rg7
{[%clk 0:07:46]} 75. Rxg3 {[%clk 0:19:48]} Rf7+ {[%clk 0:08:08]} 76. Kg5
{[%clk 0:20:04]} Rg7+ {[%clk 0:07:48]} 77. Kf4 {[%clk 0:20:30]} Rf7+
{[%clk 0:08:13]} 78. Ke4 {[%clk 0:20:48]} Rf2 {[%clk 0:06:58]} 79. Ke3
{[%clk 0:18:40]} Ra2 {[%clk 0:07:21]} 80. Kf4 {[%clk 0:18:52]} Ke7
{[%clk 0:07:07]} 81. Kg5 {[%clk 0:19:10]} Kf8 {[%clk 0:06:57]} 82. Kh6
{[%clk 0:19:34]} Kf7 {[%clk 0:06:58]} 83. Rg7+ {[%clk 0:19:10]} Kf6
{[%clk 0:07:09]} 84. Rg4 {[%clk 0:19:10]} Kf7 {[%clk 0:06:50]} 85. Rg6
{[%clk 0:18:21]} Rb2 {[%clk 0:06:55]} 86. g4 {[%clk 0:18:04]} Rg2
{[%clk 0:06:13]} 87. Rg7+ {[%clk 0:18:15]} Kf8 {[%clk 0:06:13]} 88. g5
{[%clk 0:18:11]} Rh2+ {[%clk 0:06:21]} 89. Kg6 {[%clk 0:18:38]} Ra2
{[%clk 0:06:34]} 90. Rb7 {[%clk 0:18:36]} Rh2 {[%clk 0:01:20]} 91. Rb8+
{[%clk 0:18:57]} 1-0

[Event "Schloss op 1st"]
[Site "Heusenstamm"]
[Date "2014.11.23"]
[Round "7.9"]
[White "Inkiov, Ventzislav"]
[Black "Schulte, Marius"]
[Result "1-0"]
[WhiteElo "2435"]
[BlackElo "2081"]
[PlyCount "77"]
[EventDate "2014.11.??"]
[EventType "swiss"]
[EventRounds "7"]
[EventCountry "GER"]
[BlackTeam "SK Gruendau"]

1. d4 d5 2. c4 c6 3. Nf3 Nf6 4. Nc3 e6 5. g3 Nbd7 6. Bg2 Bd6 7. O-O O-O 8. Nd2
Bc7 9. e4 dxe4 10. Ndxe4 Nxe4 11. Nxe4 e5 12. d5 cxd5 13. cxd5 Bb6 14. Qc2 h6
15. Bd2 Nf6 16. Bb4 Nxe4 17. Bxe4 Re8 18. d6 Rb8 19. Bc5 Bd7 20. b4 Bc6 21.
Rfd1 Bxe4 22. Qxe4 Bxc5 23. bxc5 Qd7 24. Rab1 f6 25. Qd5+ Kh8 26. Rxb7 Qxb7 27.
c6 Qb6 28. c7 Rbc8 29. Rc1 Rf8 30. Rc6 Qd4 31. Qxd4 exd4 32. d7 Kg8 33. Kf1 Kf7
34. Ke2 a5 35. dxc8=Q Rxc8 36. Kd3 Ke7 37. Kxd4 Kd7 38. Kc5 a4 39. a3 1-0

[Event "Schloss op 1st"]
[Site "Heusenstamm"]
[Date "2014.11.23"]
[Round "7.10"]
[White "Klundt, Klaus"]
[Black "Eichner, Christian"]
[Result "1-0"]
[WhiteElo "2320"]
[BlackElo "2058"]
[PlyCount "111"]
[EventDate "2014.11.??"]
[EventType "swiss"]
[EventRounds "7"]
[EventCountry "GER"]
[WhiteTeam "SC Heusenstamm"]
[BlackTeam "SV TuR Dresden"]

1. e4 e5 2. Nf3 Nc6 3. Bb5 a6 4. Ba4 Nf6 5. O-O Be7 6. Re1 b5 7. Bb3 O-O 8. d4
d6 9. c3 Bg4 10. d5 Na5 11. Bc2 Nc4 12. a4 Nd7 13. b3 Ncb6 14. Nbd2 f5 15. a5
Nc8 16. exf5 Bg5 17. h3 Bxd2 18. Bxd2 Bxf5 19. Ng5 Qf6 20. Be3 Nc5 21. b4 h6
22. bxc5 hxg5 23. c4 bxc4 24. Ra4 Ne7 25. Rxc4 Rab8 26. Qd2 Qf7 27. cxd6 cxd6
28. Rc7 Bxc2 29. Bxg5 Qxd5 30. Rxe7 Qxd2 31. Bxd2 Rf7 32. Bg5 Rb5 33. Rc1 e4
34. Rxc2 Rxg5 35. Rc8+ Rf8 36. Rcc7 Rff5 37. Re8+ Kh7 38. Rxe4 Rxa5 39. f4 Rg6
40. g4 d5 41. Ree7 Ra2 42. f5 Rb6 43. Rxg7+ Kh8 44. Rh7+ Kg8 45. Rcg7+ Kf8 46.
Rb7 Kg8 47. Rxb6 Kxh7 48. g5 d4 49. Rb7+ Kg8 50. f6 Rc2 51. g6 Rc8 52. Rd7 Kf8
53. Rxd4 Ke8 54. h4 Rc6 55. f7+ Ke7 56. Re4+ 1-0

[Event "Schloss op 1st"]
[Site "Heusenstamm"]
[Date "2014.11.23"]
[Round "7.11"]
[White "Alber, Horst"]
[Black "Roemer, Torsten"]
[Result "1-0"]
[WhiteElo "2305"]
[BlackElo "2058"]
[PlyCount "55"]
[EventDate "2014.11.??"]
[EventType "swiss"]
[EventRounds "7"]
[EventCountry "GER"]
[WhiteTeam "SK Marburg 1931/72"]
[BlackTeam "SK Niederbrechen 1948"]

1. d4 Nf6 2. c4 e6 3. g3 d5 4. Bg2 Be7 5. Nf3 O-O 6. O-O b6 7. Nc3 Bb7 8. cxd5
exd5 9. Bf4 Nbd7 10. Rc1 c6 11. Qd3 Re8 12. Rfd1 a5 13. Ne5 Nxe5 14. dxe5 Nd7
15. e4 Nc5 16. Qd2 d4 17. Qxd4 Qc8 18. h4 Ba6 19. Qe3 Qe6 20. Kh2 Rad8 21. Bh3
Qc4 22. Nd5 cxd5 23. Rxc4 dxc4 24. Rxd8 Rxd8 25. Bg5 Rd3 26. Qc1 Bf8 27. Be3
Nxe4 28. Bf5 1-0

[Event "Schloss op 1st"]
[Site "Heusenstamm"]
[Date "2014.11.23"]
[Round "7.12"]
[White "Von Rahden, Arvid"]
[Black "Carow, Annelen"]
[Result "1-0"]
[WhiteElo "2190"]
[BlackElo "2034"]
[PlyCount "45"]
[EventDate "2014.11.??"]
[EventType "swiss"]
[EventRounds "7"]
[EventCountry "GER"]
[WhiteTeam "SC Heusenstamm"]
[BlackTeam "SF Heidesheim"]

1. e4 c5 2. Nc3 a6 3. g3 b5 4. a4 b4 5. Nd5 e6 6. Ne3 Bb7 7. Bg2 Nf6 8. d3 d6
9. f4 Nc6 10. Nf3 Be7 11. O-O O-O 12. g4 d5 13. e5 Nd7 14. g5 Nd4 15. Nxd4 cxd4
16. Ng4 b3 17. cxb3 Qb6 18. Rf3 Nc5 19. Rh3 f5 20. gxf6 gxf6 21. Nh6+ Kh8 22.
Qh5 Qxb3 23. Nf5 1-0

[Event "Schloss op 1st"]
[Site "Heusenstamm"]
[Date "2014.11.23"]
[Round "7.13"]
[White "Held, Carsten"]
[Black "Heider, Martin"]
[Result "0-1"]
[WhiteElo "2033"]
[BlackElo "2132"]
[PlyCount "82"]
[EventDate "2014.11.??"]
[EventType "swiss"]
[EventRounds "7"]
[EventCountry "GER"]
[WhiteTeam "SC Ladja Rossdorf"]
[BlackTeam "SC Herxheim"]

1. Nf3 Nf6 2. c4 e6 3. g3 a6 4. Bg2 b5 5. b3 c5 6. O-O Bb7 7. Bb2 Be7 8. e3 O-O
9. Qe2 Nc6 10. d4 cxd4 11. Nxd4 Nxd4 12. Bxd4 Bxg2 13. Kxg2 bxc4 14. Qxc4 Qb8
15. Bb2 Qb7+ 16. Kg1 Rfc8 17. Qd3 a5 18. Nd2 a4 19. Rac1 Rcb8 20. Be5 d6 21.
Bxf6 Bxf6 22. Rc2 axb3 23. axb3 d5 24. Rb1 Qb4 25. Kg2 g6 26. h4 h5 27. Nf3 Ra3
28. Nd2 Kg7 29. f4 Rba8 30. Kf2 Ra2 31. Rbc1 Ra1 32. Ke2 Rxc1 33. Rxc1 Ra2 34.
Rc2 Ra1 35. Kf2 Qa3 36. Nf3 Rb1 37. Nd2 Rd1 38. Qe2 Qa1 39. Nf1 d4 40. Nd2
dxe3+ 41. Kxe3 Re1 0-1

[Event "Schloss op 1st"]
[Site "Heusenstamm"]
[Date "2014.11.23"]
[Round "7.14"]
[White "Kreiling, Carsten"]
[Black "Keller, Alexander"]
[Result "1/2-1/2"]
[WhiteElo "2097"]
[BlackElo "1963"]
[PlyCount "66"]
[EventDate "2014.11.??"]
[EventType "swiss"]
[EventRounds "7"]
[EventCountry "GER"]
[WhiteTeam "SVG Eppstein 1932"]
[BlackTeam "SK Buchloe"]

1. d4 Nf6 2. c4 e6 3. Nf3 Bb4+ 4. Bd2 c5 5. Bxb4 cxb4 6. Nbd2 O-O 7. g3 d5 8.
Bg2 Nc6 9. O-O Re8 10. e3 b6 11. Ne5 Bb7 12. f4 Rc8 13. b3 Ne7 14. g4 Rc7 15.
g5 Nd7 16. Qh5 Rf8 17. Bh3 Nf5 18. Bxf5 exf5 19. Rf3 g6 20. Qh6 f6 21. Rh3 Nxe5
22. fxe5 fxe5 23. Nf3 exd4 24. Nxd4 Qe7 25. Rc1 dxc4 26. Rxc4 Rxc4 27. bxc4 Rc8
28. Nxf5 gxf5 29. g6 Qg7 30. Qxg7+ Kxg7 31. Rxh7+ Kxg6 32. Rxb7 Rxc4 33. Rxa7
b3 1/2-1/2

[Event "Schloss op 1st"]
[Site "Heusenstamm"]
[Date "2014.11.23"]
[Round "7.15"]
[White "Wolff, Peter"]
[Black "Benninger, Rudolf"]
[Result "0-1"]
[WhiteElo "1957"]
[BlackElo "2087"]
[PlyCount "132"]
[EventDate "2014.11.??"]
[EventType "swiss"]
[EventRounds "7"]
[EventCountry "GER"]
[WhiteTeam "VSG 1880 Offenbach"]
[BlackTeam "SC Heusenstamm"]

1. c4 g6 2. g3 Bg7 3. Bg2 c5 4. Nf3 Nc6 5. Nc3 e6 6. d3 Nge7 7. Bg5 d6 8. Rb1
Rb8 9. a3 a6 10. Qc1 h6 11. Bd2 b5 12. cxb5 axb5 13. b4 cxb4 14. axb4 d5 15.
O-O Qb6 16. Ne1 Bd7 17. Nc2 Rc8 18. Rb3 e5 19. e3 Be6 20. Ra3 O-O 21. Qb2 e4
22. d4 Nf5 23. Rfa1 Nd6 24. Ra6 Qb7 25. Be1 Nc4 26. Qa2 Rfd8 27. Ne2 Bf8 28.
Nc1 Nb6 29. Ra3 Ra8 30. Nb3 Rxa3 31. Qxa3 Ra8 32. Qc1 Nc4 33. Nc5 Qb8 34. Bf1
Ra7 35. Rxa7 Qxa7 36. Qa1 Qxa1 37. Nxa1 Bg4 38. h3 Bd1 39. h4 h5 40. Bh3 f5 41.
Bf1 Kf7 42. Bc3 Bd6 43. Bh3 Ke7 44. Kf1 Kd8 45. Nb7+ Kc7 46. Nxd6 Kxd6 47. Ke1
Ba4 48. Bf1 Nb8 49. Be2 Nd7 50. Kf1 Ndb6 51. Ke1 Na3 52. Bb2 Nb1 53. Bd1 Nc4
54. Bc1 Nc3 55. Bxa4 bxa4 56. Nc2 Kc6 57. Na3 Nxa3 58. Bxa3 Kb5 59. f3 Nb1 60.
Bb2 Kxb4 61. fxe4 fxe4 62. Kd1 Kb3 63. Kc1 Nd2 64. Ba1 Nc4 65. Kd1 Nxe3+ 66.
Ke2 Nc2 0-1

[Event "Schloss op 1st"]
[Site "Heusenstamm"]
[Date "2014.11.23"]
[Round "7.16"]
[White "Holzschuh, Gerald"]
[Black "Foermes, Alexander"]
[Result "0-1"]
[WhiteElo "2118"]
[BlackElo "2012"]
[PlyCount "70"]
[EventDate "2014.11.??"]
[EventType "swiss"]
[EventRounds "7"]
[EventCountry "GER"]
[WhiteTeam "SC Bad Nauheim"]
[BlackTeam "SK Marburg 1931/72"]

1. e4 e6 2. d4 d5 3. exd5 exd5 4. Nf3 Nf6 5. c4 Bb4+ 6. Nc3 O-O 7. Be2 dxc4 8.
Bxc4 Bg4 9. O-O Nc6 10. Be3 Qd6 11. h3 Bh5 12. g4 Bg6 13. Nb5 Qd8 14. a3 a6 15.
Nxc7 Qxc7 16. axb4 Nxb4 17. Rc1 Qd6 18. Ne5 Nbd5 19. Bg5 Nb6 20. Ba2 Be4 21.
Bf4 Qb4 22. Re1 Bd5 23. Bb1 Qb3 24. Bc2 Qxh3 25. f3 Nc4 26. Kf2 Nxb2 27. Qe2
Qh4+ 28. Bg3 Qg5 29. f4 Qh6 30. g5 Qh3 31. Rg1 Nh5 32. Be4 Nxg3 33. Rxg3 Qh2+
34. Rg2 Qxf4+ 35. Qf3 Qxe4 0-1

[Event "Schloss op 1st"]
[Site "Heusenstamm"]
[Date "2014.11.23"]
[Round "7.17"]
[White "Simon, Eric"]
[Black "Schneider, Johannes"]
[Result "1/2-1/2"]
[WhiteElo "2114"]
[BlackElo "2001"]
[PlyCount "112"]
[EventDate "2014.11.??"]
[EventType "swiss"]
[EventRounds "7"]
[EventCountry "GER"]
[WhiteTeam "SV Bannewitz"]
[BlackTeam "SV Mainz Mombach"]

1. d4 d5 2. Nf3 Nf6 3. c4 e6 4. e3 c6 5. Qc2 Nbd7 6. Nbd2 Bd6 7. Be2 O-O 8. O-O
Re8 9. Rd1 Qe7 10. b3 Ba3 11. e4 Bxc1 12. Raxc1 e5 13. dxe5 Nxe5 14. cxd5 cxd5
15. Nxe5 Qxe5 16. Bf3 dxe4 17. Nxe4 Bf5 18. Nxf6+ gxf6 19. Qd2 Be4 20. Re1 Rad8
21. Qb4 a5 22. Qc3 Qxc3 23. Rxc3 Bxf3 24. Rxe8+ Rxe8 25. gxf3 Re2 26. a4 Rb2
27. f4 f5 28. Kg2 Kg7 29. Rd3 Kg8 30. Kg3 Kg7 31. h3 h6 32. Kg2 Kh7 33. h4 Kg7
34. h5 Kf8 35. Re3 Kg7 36. Kg3 Rb1 37. Kg2 Rb2 38. Rd3 Rb1 39. Rg3+ Kf8 40. Re3
Kg7 41. Rd3 Rb2 42. Kf3 Rb1 43. Ke2 Rb2+ 44. Ke3 Kf8 45. Kd4 f6 46. Ke3 Ke7 47.
Kf3 Ke6 48. Kg2 Ke7 49. Rg3 Ke6 50. Rd3 Ke7 51. Kg1 Rb1+ 52. Kh2 Rb2 53. Kg2
Ke6 54. Kg1 Rb1+ 55. Kg2 Rb2 56. Kf3 Rb1 1/2-1/2

[Event "Schloss op 1st"]
[Site "Heusenstamm"]
[Date "2014.11.23"]
[Round "7.18"]
[White "Zirlik, Rudi"]
[Black "Hoti, Safet"]
[Result "1/2-1/2"]
[WhiteElo "1993"]
[BlackElo "2107"]
[PlyCount "117"]
[EventDate "2014.11.??"]
[EventType "swiss"]
[EventRounds "7"]
[EventCountry "GER"]
[WhiteTeam "SV Unterkochen"]
[BlackTeam "SC Heusenstamm"]

1. d4 d5 2. g3 b6 3. Bg2 Bb7 4. c4 e6 5. Nc3 Nf6 6. Bg5 Be7 7. e3 O-O 8. Nge2
h6 9. Bxf6 Bxf6 10. Rc1 c6 11. cxd5 cxd5 12. O-O Na6 13. a3 Nc7 14. Nf4 g6 15.
Nd3 Ba6 16. Re1 Bxd3 17. Qxd3 Qd7 18. e4 dxe4 19. Nxe4 Bg7 20. Rc4 Rac8 21.
Rec1 Nd5 22. Qc2 Rxc4 23. Qxc4 Rd8 24. Nc3 Ne7 25. Nb5 Nf5 26. Bc6 Qe7 27. d5
exd5 28. Bxd5 Bxb2 29. Rc2 Bf6 30. Re2 Qf8 31. Nxa7 Kg7 32. Nc6 Rc8 33. Qb3
Rxc6 34. Bxc6 Nd4 35. Qc4 Nxe2+ 36. Qxe2 Qxa3 37. Qc4 Qc5 38. Qxc5 bxc5 39. Bd5
Bd4 40. Kf1 g5 41. g4 Kg6 42. Kg2 f5 43. f3 Kf6 44. Kg3 Ke5 45. Ba2 Be3 46.
gxf5 Kxf5 47. Bf7 Kf6 48. Bb3 Bf4+ 49. Kg2 Ke5 50. h4 Kd4 51. Kf2 c4 52. Ba4
Kd3 53. Bb5 Kc3 54. Ke2 Kb3 55. Kd1 c3 56. Bd3 gxh4 57. Ke2 c2 58. Bxc2+ Kxc2
59. Kf2 1/2-1/2